Learning how to learn : (Record no. 20167)
[ view plain ]
| 000 -LEADER | |
|---|---|
| fixed length control field | 00703nam a22001935a 4500 |
| 005 - DATE AND TIME OF LATEST TRANSACTION | |
| control field | 20160120115246.0 |
| 008 - FIXED-LENGTH DATA ELEMENTS--GENERAL INFORMATION | |
| fixed length control field | 150705s1996 nyu gr 000 0 eng d |
| 020 ## - INTERNATIONAL STANDARD BOOK NUMBER | |
| International Standard Book Number | 9780140195132 |
| 040 ## - CATALOGING SOURCE | |
| Original cataloging agency | EG-ScBUE |
| Language of cataloging | eng |
| Transcribing agency | EG-ScBUE |
| Modifying agency | EG-ScBUE |
| 082 04 - DEWEY DECIMAL CLASSIFICATION NUMBER | |
| Edition number | 22 |
| Classification number | 297.4 |
| Item number | SHA |
| 100 1# - MAIN ENTRY--PERSONAL NAME | |
| Personal name | Shah, Idries, |
| 9 (RLIN) | 39102 |
| Dates associated with a name | 1924-1996 |
| 245 10 - TITLE STATEMENT | |
| Title | Learning how to learn : |
| Remainder of title | psychology and spirituality in the Sufi way / |
| Statement of responsibility, etc | Idries Shah ; with an introduction by Doris Lessing. |
| 260 ## - PUBLICATION, DISTRIBUTION, ETC. (IMPRINT) | |
| Place of publication, distribution, etc | New York : |
| Name of publisher, distributor, etc | Penguin Compass, |
| Date of publication, distribution, etc | 1996. |
| 300 ## - PHYSICAL DESCRIPTION | |
| Extent | 302 p. ; |
| Dimensions | 22 cm. |
| 650 #7 - SUBJECT ADDED ENTRY--TOPICAL TERM | |
| Source of heading or term | BUEsh |
| Topical term or geographic name as entry element | Sufism. |
| 9 (RLIN) | 39103 |
| 653 ## - INDEX TERM--UNCONTROLLED | |
| Resource For college | |
| -- | Generalities |
| Arrived date list | July2015 |
| -- | January2016 |
| 700 1# - ADDED ENTRY--PERSONAL NAME | |
| Personal name | Lessing, Doris, |
| 9 (RLIN) | 9495 |
| Relator term | author of introduction, etc. |
| 942 ## - ADDED ENTRY ELEMENTS (KOHA) | |
| Source of classification or shelving scheme | Dewey Decimal Classification |
| Withdrawn status | Lost status | Source of classification or shelving scheme | Damaged status | Not for loan | Koha collection | Home library | Current library | Shelving location | Date acquired | Source of acquisition | Total Checkouts | Full call number | Barcode | Date last seen | Koha item type |
|---|---|---|---|---|---|---|---|---|---|---|---|---|---|---|---|
| Dewey Decimal Classification | Baccah | Central Library | Central Library | Lower Floor | 05/07/2015 | Purchase | 297.4 SHA | 000039431 | 15/07/2025 | Book - Borrowing |